000 00343nam a22001457a 4500
003 OSt
005 20231207072419.0
008 231207b |||||||| |||| 00| 0 eng d
040 _cIIMT UNIVERSITY
100 _aKUMAR, ASHOK
245 _aCYBER ENCOUNTERS
260 _aNEW DELHI
_bPRABHAT PRAKASHAN
_c2023
300 _a216
942 _2ddc
_c09
999 _c57828
_d57828